000 01148nam a2200217 a 4500
008 120416s1996 ||||||||||||||||| || u
020 _a0750623888
050 _aNA 8480 Kro
100 _aKronenburg, Robert
245 1 0 _aPortable architecture
260 _aOxford:
_bArchitectural Press
_c1996
300 _aviii,140p.: ill.
350 _a0.00
490 _aArchitectural Press new technology series
500 _aIncludes bibliographical references (p. 134-136) 
650 _aBUILDINGS--PORTABLE
995 _aANNEX COLLECTION (Main Library)
_D0.00
_e731543
_FCBU-MAIN LIBRARY (Kitwe)
_H2
_I35.00
_jNA 8480 Kro
_UAVAILABLE
_y028750
_ZAnnex Low-Usage Collection
995 _aMAIN LIBRARY OPEN ACCESS
_D0.00
_e730596
_FCBU-MAIN LIBRARY (Kitwe)
_H3
_I35.00
_jNA 8480 Kro
_M4
_UAVAILABLE
_y027503
_ZMain Library Open Access Collection
995 _aMAIN LIBRARY OPEN ACCESS
_D0.00
_e731637
_FCBU-MAIN LIBRARY (Kitwe)
_H1
_I0.00
_jNA 8480 Kro
_M2
_UAVAILABLE
_y028735
_ZMain Library Open Access Collection
995 _aANNEX COLLECTION (Main Library)
_D0.00
_e731638
_FCBU-MAIN LIBRARY (Kitwe)
_H1
_I35.00
_jNA 8480 Kro
_M3
_UAVAILABLE
_y028736
_ZAnnex Low-Usage Collection
999 _c82067
_d82067